[Event "Haifa act"]
[Site "?"]
[Date "1998.??.??"]
[Round "?"]
[White "Polgar Judit"]
[Black "Anand Viswanathan"]
[Result "1/2-1/2"]
[WhiteElo "2665"]
[BlackElo "2795"]
[PlyCount "50"]
[EventDate "1998.??.??"]
[Source "www.chesslib.no"]
[SourceDate "2004.05.04"]

1. e4 c6 2. d4 d5 3. Nc3 dxe4 4. Nxe4 Bf5 5. Ng3 Bg6 6. Nh3 e6 7. Nf4 Bd6 8. c3 Qh4 9. Ngh5 Bxh5 10. Qxh5 Qxh5 11. Nxh5 g6 12. Bf4 Bxf4 13. Nxf4 Nf6 14. Nd3 Nbd7 15. g3 O-O 16. Bg2 Rfc8 17. a4 a5 18. Kd2 Kf8 19. Rhb1 Nb6 20. Nc5 Rc7 21. b4 Nfd5 22. bxa5 Nc4+ 23. Kd3 Nxa5 24. c4 Ne7 25. Bh3 Kg8 1/2-1/2

[Event "Extraliga 2004"]
[Site "Dzwirzyno"]
[Date "2004.??.??"]
[Round "?"]
[White "Rozentalis, Eduardas"]
[Black "Macieja, Bartlomiej"]
[Result "1/2-1/2"]
[WhiteElo "2619"]
[BlackElo "2633"]
[PlyCount "88"]
[EventDate "2004.09.04"]
[Source "Roberto Alvarez"]
[SourceDate "2004.10.05"]

1. e4 c6 2. d4 d5 3. Nc3 dxe4 4. Nxe4 Bf5 5. Ng3 Bg6 6. Nh3 Nf6 7. Nf4 e5 8. Nxg6 hxg6 9. dxe5 Qa5+ 10. Bd2 Qxe5+ 11. Qe2 Nbd7 12. Qxe5+ Nxe5 13. Bc3 Ned7 14. O-O-O Bc5 15. Rd2 O-O 16. Bc4 b5 17. Bb3 a5 18. a4 Bb4 19. Rd3 Nc5 20. Rf3 bxa4 21. Ba2 Nd5 22. Bd4 Ne6 23. Rd1 Rad8 24. Be5 Rfe8 25. h4 f6 26. Bd4 Nxd4 27. Rxd4 Re1+ 28. Rd1 Rxd1+ 29. Kxd1 Kf8 30. Rd3 a3 31. Kc1 axb2+ 32. Kxb2 Ke7 33. Ne2 Bc5 34. Bxd5 Rxd5 35. Nf4 Rxd3 36. Nxd3 Bb6 37. Kb3 Ke6 38. c4 Kf5 39. f3 Be3 40. g4+ Ke6 41. Ka4 Bd2 42. Kb3 Be3 43. Ka4 Bd2 44. Kb3 Be3 1/2-1/2

[Event "FRA-ch Pool B"]
[Site "Vichy"]
[Date "2000.08.24"]
[Round "7"]
[White "Bauer, Christian"]
[Black "Dorfman, Josif D"]
[Result "1/2-1/2"]
[WhiteElo "2562"]
[BlackElo "2600"]
[PlyCount "22"]
[EventDate "2000.08.15"]
[Source "ChessBase"]
[SourceDate "2000.11.21"]

1. e4 c6 2. d4 d5 3. Nc3 dxe4 4. Nxe4 Bf5 5. Ng3 Bg6 6. Nh3 e6 7. Nf4 Bd6 8. Ngh5 Bxh5 9. Nxh5 g6 10. Nf4 Nf6 11. Bc4 Nd5 1/2-1/2

[Event "Biel"]
[Site "Biel"]
[Date "1995.??.??"]
[Round "8"]
[White "Campora, Daniel Hugo"]
[Black "Adianto, Utut"]
[Result "1/2-1/2"]
[WhiteElo "2550"]
[BlackElo "2590"]
[PlyCount "65"]
[EventDate "1995.07.??"]
[Source "ChessBase"]

1. e4 c6 2. d4 d5 3. Nc3 dxe4 4. Nxe4 Bf5 5. Ng3 Bg6 6. Nh3 Nf6 7. Nf4 e5 8. Nxg6 hxg6 9. dxe5 Qxd1+ 10. Kxd1 Ng4 11. Ne4 Nxe5 12. Bf4 Nbd7 13. c3 O-O-O 14. Kc2 Re8 15. Re1 f5 16. Ng5 Bd6 17. Be2 Re7 18. Bd2 Rhe8 19. f4 Ng4 20. Bxg4 fxg4 21. Kd1 Nc5 22. Rxe7 Rxe7 23. g3 Kd7 24. Re1 Rxe1+ 25. Bxe1 Be7 26. Bf2 Nd3 27. Ne4 Nxb2+ 28. Kc2 Nc4 29. Bxa7 b6 30. Kd3 Nb2+ 31. Kc2 Nc4 32. Kd3 Nb2+ 33. Kc2 1/2-1/2

[Event "IV Open Vila de Sort"]
[Site "Sort SPA"]
[Date "2008.06.26"]
[Round "4"]
[White "Kasparov, Sergey"]
[Black "Burmakin, Vladimir"]
[Result "1/2-1/2"]
[WhiteElo "2481"]
[BlackElo "2615"]
[PlyCount "29"]
[EventDate "2008.06.24"]
[Source "www.chesslib.no"]
[SourceDate "2004.05.04"]

1. e4 c6 2. d4 d5 3. Nc3 dxe4 4. Nxe4 Bf5 5. Ng3 Bg6 6. Nh3 e6 7. Nf4 Bd6 8. h4 Qc7 9. Nxg6 hxg6 10. Ne4 Bf4 11. g3 Bxc1 12. Rxc1 Nf6 13. Nxf6+ gxf6 14. Bg2 Nd7 15. Bf1 1/2-1/2

[Event "Minsk"]
[Site "Minsk"]
[Date "1982.??.??"]
[Round "?"]
[White "Tseshkovsky, Vitaly"]
[Black "Groszpeter, Attila"]
[Result "1-0"]
[WhiteElo "2595"]
[BlackElo "2475"]
[PlyCount "115"]
[EventDate "1982.05.??"]
[Source "ChessBase"]

1. e4 c6 2. d4 d5 3. Nc3 dxe4 4. Nxe4 Bf5 5. Ng3 Bg6 6. Nh3 e6 7. Nf4 Bd6 8. c3 Nf6 9. h4 Qc7 10. Qf3 Nbd7 11. Nxg6 hxg6 12. Bg5 Qa5 13. Bc4 Bxg3 14. fxg3 Qf5 15. O-O-O Qxf3 16. gxf3 Nd5 17. Bd3 b5 18. g4 N7b6 19. Rh2 Kd7 20. Rdh1 a5 21. h5 gxh5 22. Rxh5 Rhg8 23. Kc2 a4 24. Bc1 Nc4 25. Rg5 Ke7 26. Rh7 Kf6 27. Rgh5 Ke7 28. a3 Nce3+ 29. Kb1 Ng2 30. Be4 Ngf4 31. Bxf4 Nxf4 32. Rc5 Rh8 33. Rxh8 Rxh8 34. Bxc6 Rh1+ 35. Kc2 Rh2+ 36. Kd1 Nd3 37. Rxb5 Nxb2+ 38. Kc1 Nc4 39. Rb7+ Kd6 40. Bxa4 Rh1+ 41. Kc2 Rh2+ 42. Kb1 Rh1+ 43. Ka2 Rh2+ 44. Ka1 Rh1+ 45. Rb1 Rh3 46. Rb4 Rh1+ 47. Ka2 Rh2+ 48. Kb1 Nxa3+ 49. Kc1 Rf2 50. Rb7 Kd5 51. Bb3+ Kd6 52. Rxf7 e5 53. dxe5+ Kxe5 54. Rf5+ Kd6 55. Ra5 Rxf3 56. Kb2 Nb1 57. Kxb1 Rxc3 58. Kb2 1-0

[Event "Lewkowitz Memorial A 9498"]
[Site "?"]
[Date "1997.??.??"]
[Round "?"]
[White "Fries Nielsen Niels Joergen"]
[Black "Berdichesky Ruben"]
[Result "1/2-1/2"]
[WhiteElo "2595"]
[BlackElo "2465"]
[PlyCount "61"]
[EventDate "1997.??.??"]
[Source "www.chesslib.no"]
[SourceDate "2004.05.04"]

1. e4 c6 2. d4 d5 3. Nc3 dxe4 4. Nxe4 Bf5 5. Ng3 Bg6 6. Nh3 Nf6 7. Nf4 e5 8. Nxg6 hxg6 9. Be3 e4 10. Qd2 Bd6 11. O-O-O Bxg3 12. fxg3 Nbd7 13. Be2 Nd5 14. c4 Nxe3 15. Qxe3 Qe7 16. g4 Nb6 17. g5 O-O-O 18. h4 f5 19. g3 Qe6 20. b3 Kb8 21. Rhf1 Ka8 22. a3 Rd7 23. Rd2 Qe7 24. Kb2 Rf8 25. Ka2 Qe6 26. Rdd1 Nc8 27. Rf4 Ne7 28. Bf1 Rh8 29. Bh3 Rdd8 30. Rd2 Qd6 31. Rff2 1/2-1/2

[Event "Pardubice"]
[Site "?"]
[Date "2006.07.29"]
[Round "9"]
[White "Kasparov Sergey"]
[Black "Arutinian David"]
[Result "1/2-1/2"]
[WhiteElo "2491"]
[BlackElo "2552"]
[PlyCount "29"]
[EventDate "2006.??.??"]
[Source "www.chesslib.no"]
[SourceDate "2004.05.04"]

1. e4 c6 2. d4 d5 3. Nc3 dxe4 4. Nxe4 Bf5 5. Ng3 Bg6 6. Nh3 e6 7. Nf4 Qc7 8. h4 Bd6 9. Nxg6 hxg6 10. Ne4 Bf4 11. c3 Bxc1 12. Qxc1 Ne7 13. Qd2 Nd7 14. g3 Nf5 15. Bg2 1/2-1/2

[Event "12th Sueder Summer, Recklinghausen GER"]
[Site "?"]
[Date "2001.??.??"]
[Round "4"]
[White "Eismont, O."]
[Black "Khenkin, I."]
[Result "0-1"]
[WhiteElo "2440"]
[BlackElo "2575"]
[PlyCount "36"]
[EventDate "2001.??.??"]
[Source "www.chesslib.no"]
[SourceDate "2004.05.04"]

1. e4 c6 2. d4 d5 3. Nc3 dxe4 4. Nxe4 Bf5 5. Ng3 Bg6 6. Nh3 e6 7. Nf4 Qc7 8. c3 Nf6 9. Bc4 Bd6 10. Qf3 Nbd7 11. Nxg6 hxg6 12. Bg5 c5 13. Bb5 O-O 14. Bxd7 Nxd7 15. dxc5 Nxc5 16. Ne4 f6 17. Nxd6 Qxd6 18. Rd1 Qa6 0-1

[Event "ch-RUS Boys u20"]
[Site "St Petersburg RUS"]
[Date "2008.03.15"]
[Round "8"]
[White "Lintchevski, D."]
[Black "Andreikin, D."]
[Result "1/2-1/2"]
[WhiteElo "2440"]
[BlackElo "2573"]
[PlyCount "26"]
[EventDate "2008.03.08"]
[Source "www.chesslib.no"]
[SourceDate "2004.05.04"]

1. e4 c6 2. d4 d5 3. Nc3 dxe4 4. Nxe4 Bf5 5. Ng3 Bg6 6. Nh3 Nf6 7. Bc4 e6 8. Nf4 Bd6 9. c3 Nbd7 10. Qf3 Qb6 11. O-O O-O 12. Nxg6 hxg6 13. Ne4 Nxe4 1/2-1/2

[Event "Olimpiadi 2008 - open"]
[Site "Dresda GER"]
[Date "2008.11.25"]
[Round "11"]
[White "Can, E."]
[Black "Bindrich, F."]
[Result "1/2-1/2"]
[WhiteElo "2464"]
[BlackElo "2517"]
[PlyCount "137"]
[EventDate "2008.11.13"]
[Source "www.chesslib.no"]
[SourceDate "2004.05.04"]

1. e4 c6 2. d4 d5 3. Nc3 dxe4 4. Nxe4 Bf5 5. Ng3 Bg6 6. Nh3 Nf6 7. Nf4 e5 8. Nxg6 hxg6 9. dxe5 Qa5+ 10. Bd2 Qxe5+ 11. Qe2 Nbd7 12. O-O-O Qxe2 13. Bxe2 Bc5 14. f3 O-O-O 15. Bc4 Rdf8 16. a3 Nb6 17. Ba2 Nbd5 18. Nf1 Bd6 19. g3 Rh5 20. c4 Nc7 21. Bc3 Be5 22. Be1 Ne6 23. Nd2 Rd8 24. Bb1 Kc7 25. Bf2 Rh3 26. f4 Bd4 27. f5 Ng4 28. Bxd4 Nxd4 29. Rhe1 Nf2 30. Re7+ Rd7 31. Rxd7+ Kxd7 32. Rf1 Rxh2 33. fxg6 Ne2+ 34. Kc2 Nxg3 35. gxf7 Ke7 36. Re1+ Nfe4 37. Kc1 Rxd2 38. Bxe4 Re2 39. Rxe2 Nxe2+ 40. Kd2 Nf4 41. Bf5 Kxf7 42. Bc8 b6 43. Bb7 c5 44. Ke3 Ng6 45. Ke4 Ke6 46. Bc8+ Kd6 47. Bg4 Ne7 48. Bd1 Nc6 49. Kf5 Nd4+ 50. Kf4 Nc6 51. Kf5 g6+ 52. Kf4 g5+ 53. Ke4 Ne5 54. Be2 g4 55. Kf4 Ng6+ 56. Kxg4 Ke5 57. Bf1 Ke4 58. Kg5 Ne5 59. Kf6 Nd3 60. b3 Nc1 61. b4 Kd4 62. Ke6 Nb3 63. Kd7 Nd2 64. Be2 Nxc4 65. Kc6 Nb2 66. bxc5 bxc5 67. Kb5 Ke3 68. Kxc5 Kxe2 69. Kd5 1/2-1/2

[Event "Bundesliga 9495"]
[Site "Germany"]
[Date "1995.??.??"]
[Round "?"]
[White "Schaefer, Markus"]
[Black "Brunner, Lucas"]
[Result "1/2-1/2"]
[WhiteElo "2455"]
[BlackElo "2525"]
[PlyCount "83"]
[EventDate "1994.10.??"]
[Source "ChessBase"]
[SourceDate "1999.07.01"]

1. e4 c6 2. d4 d5 3. Nc3 dxe4 4. Nxe4 Bf5 5. Ng3 Bg6 6. Nh3 e6 7. Nf4 Bd6 8. Bc4 Nf6 9. Bb3 Qc7 10. Qf3 a5 11. c3 a4 12. Bc4 Nd5 13. Nxg6 hxg6 14. Ne4 Be7 15. h3 Nd7 16. O-O O-O 17. Bg5 Bxg5 18. Nxg5 N7b6 19. Bxd5 Nxd5 20. c4 Nf6 21. Rad1 Rfd8 22. Qe3 Rd6 23. Rd3 Rad8 24. Rfd1 b5 25. b3 Qa7 26. Nf3 axb3 27. axb3 Qa6 28. Ne5 Nd7 29. f4 bxc4 30. bxc4 Nxe5 31. dxe5 Rxd3 32. Rxd3 Rxd3 33. Qxd3 g5 34. g3 Qb6+ 35. Kg2 gxf4 36. gxf4 g6 37. Kf3 Kg7 38. Kg2 Qc5 39. Qe4 Qb6 40. Qd3 Qc5 41. Qd8 Qxc4 42. Qf6+ 1/2-1/2

[Event "Bundesliga 2007-8"]
[Site "Bindlach GER"]
[Date "2007.12.07"]
[Round "7"]
[White "Casper, T."]
[Black "Stohl, I."]
[Result "1/2-1/2"]
[WhiteElo "2421"]
[BlackElo "2545"]
[PlyCount "60"]
[EventDate "2007.10.19"]
[Source "www.chesslib.no"]
[SourceDate "2004.05.04"]

1. e4 c6 2. d4 d5 3. Nc3 dxe4 4. Nxe4 Bf5 5. Ng3 Bg6 6. Nh3 e6 7. Nf4 Bd6 8. c3 Nf6 9. h4 Bxf4 10. Bxf4 h6 11. Qb3 Qe7 12. Be5 b6 13. Qc4 O-O 14. Be2 Rc8 15. h5 Bh7 16. Bxf6 Qxf6 17. Bf3 Nd7 18. O-O Rc7 19. Rfe1 Rac8 20. Qe2 Qe7 21. Nf1 Nf6 22. Ne3 Be4 23. Bxe4 Nxe4 24. Qf3 Nf6 25. Rad1 Qd8 26. g3 Rd7 27. Kg2 Qc7 28. Rh1 Rcd8 29. g4 Nd5 30. Qg3 Qxg3+ 1/2-1/2

[Event "Anapa"]
[Site "Anapa"]
[Date "1991.??.??"]
[Round "?"]
[White "Varavin, Viktor"]
[Black "Savon, Vladimir A"]
[Result "1-0"]
[WhiteElo "2455"]
[BlackElo "2460"]
[PlyCount "77"]
[EventDate "1991.??.??"]
[Source "www.chesslib.no"]
[SourceDate "2004.05.04"]

1. e4 c6 2. d4 d5 3. Nc3 dxe4 4. Nxe4 Bf5 5. Ng3 Bg6 6. Nh3 e6 7. Nf4 Bd6 8. Nxg6 hxg6 9. Ne4 Nf6 10. Nxd6+ Qxd6 11. b3 Rxh2 12. Rxh2 Qxh2 13. Qf3 Nbd7 14. g4 Qd6 15. Bb2 Nd5 16. c4 Nf4 17. g5 O-O-O 18. O-O-O f6 19. b4 fxg5 20. Qa3 Kb8 21. Qa5 Qe7 22. b5 b6 23. Qc3 c5 24. a4 cxd4 25. Qxd4 e5 26. Qe4 Re8 27. a5 bxa5 28. Kb1 Rc8 29. Ka2 Rc7 30. Rc1 Nc5 31. Qxe5 Ncd3 32. Qd4 Rd7 33. Qc3 Qb4 34. Bxd3 Nxd3 35. Rc2 Nxb2 36. Qxb4 axb4 37. Kxb2 Rd3 38. c5 Kc7 39. Rc4 1-0

[Event "Santo Antonio"]
[Site "Santo Antonio"]
[Date "1999.05.21"]
[Round "7"]
[White "Campora, Daniel Hugo"]
[Black "Santos, Jose P"]
[Result "1-0"]
[WhiteElo "2553"]
[BlackElo "2355"]
[PlyCount "99"]
[EventDate "1999.05.??"]
[Source "ChessBase"]
[SourceDate "1999.07.10"]

1. e4 c6 2. d4 d5 3. Nc3 dxe4 4. Nxe4 Bf5 5. Ng3 Bg6 6. Nh3 e6 7. Nf4 Qc7 8. h4 Bd6 9. Nxg6 hxg6 10. Ne4 Bf4 11. g3 Bxc1 12. Qxc1 Nd7 13. Qe3 Ngf6 14. Ng5 Nb6 15. O-O-O O-O-O 16. Be2 Kb8 17. Kb1 Rhe8 18. f4 Re7 19. c4 Nbd7 20. Rhe1 Nf8 21. Bf3 Red7 22. Be2 Rc8 23. Bf1 Rcd8 24. Rd3 Ng4 25. Qe2 Nh6 26. Red1 Nf5 27. Qf2 Qb6 28. Nf3 f6 29. Bh3 Qb4 30. Bxf5 gxf5 31. Qc2 g6 32. Rb3 Qa5 33. Ra3 Qc7 34. Qa4 a6 35. Rad3 c5 36. d5 exd5 37. cxd5 Ka7 38. R3d2 Rd6 39. Qc2 b6 40. a3 Qb7 41. Qc4 Re8 42. h5 gxh5 43. Nh4 Re4 44. Qc2 Qh7 45. Nxf5 Qxf5 46. Re2 Rd4 47. Qxf5 Rxd1+ 48. Kc2 R1xd5 49. Qc8 Nd7 50. Qc7+ 1-0

[Event "Corfu GM Tournament"]
[Site "Corfu"]
[Date "2007.10.04"]
[Round "4.4"]
[White "Karpatchev, Aleksandr"]
[Black "Shavtvaladze, Nikoloz"]
[Result "1/2-1/2"]
[WhiteElo "2469"]
[BlackElo "2408"]
[PlyCount "74"]
[EventDate "2007.10.01"]
[Source "www.chesslib.no"]
[SourceDate "2004.05.04"]

1. e4 c6 2. d4 d5 3. Nc3 dxe4 4. Nxe4 Bf5 5. Ng3 Bg6 6. Nh3 e6 7. Nf4 Qc7 8. c3 Bd6 9. Ngh5 Bxh5 10. Nxh5 g6 11. Ng3 Nf6 12. Qf3 Nbd7 13. Bg5 Be7 14. Be2 h6 15. Bd2 h5 16. O-O O-O 17. Bc4 c5 18. Bb3 Qb6 19. Bg5 cxd4 20. cxd4 Qxd4 21. Rad1 Qb4 22. a3 Qc5 23. Rxd7 Nxd7 24. Ne4 Ne5 25. Qg3 Qd4 26. Nf6+ Kh8 27. Rd1 Qxb2 28. Ne4 Bxg5 29. Qxg5 Ng4 30. h3 Qxb3 31. hxg4 Qxd1+ 32. Kh2 Qd4 33. Nf6 Kg7 34. Nxh5+ Kh7 35. Nf6+ Kg7 36. Nh5+ Kg8 37. Nf6+ Kg7 1/2-1/2

[Event "Camp. svizzero a sq. - Berna-Riehen"]
[Site "Svizzera"]
[Date "2008.09.20"]
[Round "8.2"]
[White "Klauser, Markus"]
[Black "Ekstroem, Roland"]
[Result "1/2-1/2"]
[WhiteElo "2396"]
[BlackElo "2476"]
[PlyCount "25"]
[EventDate "2008.03.02"]
[Source "www.chesslib.no"]
[SourceDate "2004.05.04"]

1. e4 c6 2. d4 d5 3. Nc3 dxe4 4. Nxe4 Bf5 5. Ng3 Bg6 6. Nh3 e6 7. Nf4 Bd6 8. h4 Bxf4 9. Bxf4 h6 10. c3 Nf6 11. Bd3 Bxd3 12. Qxd3 Nbd7 13. O-O-O 1/2-1/2

[Event "Oakham YM"]
[Site "Oakham ENG"]
[Date "1988.??.??"]
[Round "?"]
[White "Fogarasi, Tibor"]
[Black "Garcia Palermo, Carlos H"]
[Result "1/2-1/2"]
[WhiteElo "2355"]
[BlackElo "2505"]
[PlyCount "64"]
[EventDate "1988.03.??"]
[Source "www.chesslib.no"]
[SourceDate "2004.05.04"]

1. e4 c6 2. d4 d5 3. Nc3 dxe4 4. Nxe4 Bf5 5. Ng3 Bg6 6. Nh3 e6 7. Nf4 Bd6 8. Nxg6 hxg6 9. Ne4 Nf6 10. Nxd6+ Qxd6 11. h3 Nbd7 12. c3 a5 13. Be2 a4 14. O-O Nd5 15. c4 Ne7 16. Be3 Nf5 17. Qd2 Nf6 18. Rfd1 Rh4 19. Rac1 Rd8 20. c5 Qc7 21. Rc4 e5 22. Rxa4 Nxd4 23. Bxd4 Rhxd4 24. Rxd4 Rxd4 25. Qc2 Qd7 26. a3 Qd5 27. b4 Ke7 28. Bf3 e4 29. Re1 Qc4 30. Qb2 Kd7 31. Be2 Qd5 32. b5 Ke6 1/2-1/2

[Event "Ceske Budejovice Open"]
[Site "Ceske Budejovice CZE"]
[Date "1993.??.??"]
[Round "6"]
[White "Prandstetter, Eduard"]
[Black "Guliev, Sarhan"]
[Result "0-1"]
[WhiteElo "2375"]
[BlackElo "2465"]
[PlyCount "88"]
[EventDate "1993.??.??"]
[Source "www.chesslib.no"]
[SourceDate "2004.05.04"]

1. e4 c6 2. d4 d5 3. Nc3 dxe4 4. Nxe4 Bf5 5. Ng3 Bg6 6. Nh3 e6 7. Nf4 Bd6 8. Nxg6 hxg6 9. Ne4 Be7 10. h3 Nf6 11. Nxf6+ Bxf6 12. c3 Qc7 13. Be3 Nd7 14. Be2 Nb6 15. Qc2 Nd5 16. Bd2 Qd6 17. Bf3 a6 18. Qb3 Rb8 19. O-O Bd8 20. g3 Bc7 21. c4 Ne7 22. Bg2 Nf5 23. d5 Nd4 24. Qd3 e5 25. Be3 c5 26. b4 O-O 27. bxc5 Qxc5 28. Rad1 Bb6 29. Kh1 Qc7 30. f4 Nf5 31. Bxb6 Qxb6 32. fxe5 Ne3 33. Rb1 Qc5 34. Rf4 b5 35. cxb5 axb5 36. Re1 g5 37. Re4 Nxd5 38. h4 Rbd8 39. Qb3 Nc3 40. Rg4 Rd2 41. Rxg5 Ne4 42. Rxe4 Qc1+ 43. Kh2 Qf1 44. Re2 Qxe2 0-1

[Event "Open"]
[Site "?"]
[Date "1999.10.25"]
[Round "3"]
[White "Rytshagov Mikhail"]
[Black "Heinig Wolfram"]
[Result "1-0"]
[WhiteElo "2539"]
[BlackElo "2296"]
[PlyCount "81"]
[EventDate "1999.??.??"]
[Source "www.chesslib.no"]
[SourceDate "2004.05.04"]

1. e4 c6 2. d4 d5 3. Nc3 dxe4 4. Nxe4 Bf5 5. Ng3 Bg6 6. Nh3 e6 7. Nf4 Qc7 8. c3 Nf6 9. Qf3 Nbd7 10. Nxg6 hxg6 11. Bg5 O-O-O 12. Bc4 Be7 13. O-O-O c5 14. Kb1 Nb6 15. Bb3 c4 16. Bc2 Nbd5 17. h4 Rd6 18. h5 gxh5 19. Nxh5 Qa5 20. Nxf6 Rxh1 21. Rxh1 gxf6 22. Bd2 Ra6 23. a4 Rb6 24. Kc1 Rb3 25. Bxb3 cxb3 26. Kd1 Qxa4 27. Ke2 Qc4+ 28. Qd3 b5 29. Qxc4+ bxc4 30. g4 Kb7 31. Rh7 a5 32. Rxf7 Kb6 33. Kd1 a4 34. f4 a3 35. bxa3 Bxa3 36. g5 fxg5 37. fxg5 Bb2 38. g6 Bxc3 39. g7 b2 40. Kc2 Bxd2 41. g8=Q 1-0

[Event "13 open"]
[Site "Castellar del Vallés"]
[Date "2004.07.15"]
[Round "2.6"]
[White "Ferron Garcia, Carlos"]
[Black "Magem Badals, Jordi"]
[Result "1/2-1/2"]
[WhiteElo "2314"]
[BlackElo "2504"]
[PlyCount "59"]
[EventDate "2004.07.14"]
[Source "Roberto Alvarez"]
[SourceDate "2003.08.04"]

1. e4 c6 2. d4 d5 3. Nc3 dxe4 4. Nxe4 Bf5 5. Ng3 Bg6 6. Nh3 e6 7. Nf4 Bd6 8. Nxg6 hxg6 9. Ne4 Be7 10. Qd3 Nd7 11. Be3 Ngf6 12. Nxf6+ Nxf6 13. Qb3 Qa5+ 14. Bd2 Qc7 15. h3 O-O-O 16. Be3 Qa5+ 17. Bd2 Qc7 18. Be3 Ng4 19. O-O-O Nxe3 20. Qxe3 c5 21. Be2 cxd4 22. Rxd4 Bc5 23. Rxd8+ Rxd8 24. Qf3 f5 25. Rd1 Rxd1+ 26. Kxd1 Qd6+ 27. Ke1 Kb8 28. Qd3 Qxd3 29. Bxd3 Kc7 30. Ke2 1/2-1/2

[Event "Settimana degli scacchi - Giovani maest"]
[Site "Winterthur SVI"]
[Date "2008.10.08"]
[Round "6"]
[White "Lehmann, Marco"]
[Black "Prohaszka, Peter"]
[Result "0-1"]
[WhiteElo "2301"]
[BlackElo "2502"]
[PlyCount "114"]
[EventDate "2008.10.03"]
[Source "www.chesslib.no"]
[SourceDate "2004.05.04"]

1. e4 c6 2. d4 d5 3. Nc3 dxe4 4. Nxe4 Bf5 5. Ng3 Bg6 6. Nh3 e6 7. Nf4 Qc7 8. c3 Bd6 9. Nfh5 Bxh5 10. Nxh5 g6 11. Ng3 Bf4 12. Ne4 Bxc1 13. Rxc1 Nd7 14. Qf3 Ke7 15. g3 Ngf6 16. Nxf6 Nxf6 17. Bc4 Qd8 18. O-O Kf8 19. Rfe1 Kg7 20. Bb3 a5 21. Re5 a4 22. Bc4 Qd6 23. Rce1 Rhe8 24. Bd3 a3 25. b4 Re7 26. Bc4 Nd7 27. R5e3 Rae8 28. Qe2 Nb6 29. Re5 Nd5 30. Qd2 Ra8 31. Bb3 Nc7 32. Qc1 b6 33. R5e4 h5 34. Re5 Rd7 35. h4 Nd5 36. Bxd5 cxd5 37. Qe3 Rc7 38. g4 hxg4 39. Qg3 Rac8 40. Qxg4 Rxc3 41. h5 Rc1 42. Rxc1 Rxc1+ 43. Kg2 Rc8 44. hxg6 f5 45. Qe2 Kf6 46. Qh5 Rg8 47. Kf3 Rxg6 48. b5 Kg7 49. Qh4 Rg4 50. Qh5 Rg6 51. Qh4 Rg4 52. Qh5 Re4 53. Qg5+ Kf7 54. Qh5+ Kf8 55. Qh8+ Ke7 56. Qg7+ Kd8 57. Qa7 Rxd4 0-1

[Event "CZE-chT 0304"]
[Site "CZE"]
[Date "2003.??.??"]
[Round "1"]
[White "Nemec, Pavel"]
[Black "Polak, Tomas"]
[Result "0-1"]
[WhiteElo "2320"]
[BlackElo "2480"]
[PlyCount "46"]
[EventDate "2003.10.??"]
[Source "Roberto Alvarez"]
[SourceDate "2004.02.16"]

1. e4 c6 2. d4 d5 3. Nc3 dxe4 4. Nxe4 Bf5 5. Ng3 Bg6 6. Nh3 e6 7. Nf4 Qc7 8. Nxg6 hxg6 9. Qf3 Nf6 10. Bf4 Bd6 11. Bxd6 Qxd6 12. O-O-O Nbd7 13. Be2 Rh4 14. Qe3 O-O-O 15. d5 Nxd5 16. Qxa7 N7b6 17. c4 Nxc4 18. Rd4 Rxd4 19. Qxd4 Ncb6 20. Qxg7 Qf4+ 21. Kb1 Na4 22. Bf3 Ndc3+ 23. bxc3 Qd2 0-1

[Event "Wch XIII Senior"]
[Site "Bad Zwischenahn"]
[Date "2003.11.24"]
[Round "6"]
[White "Shabanov, Yuri"]
[Black "Boehnisch, Manfred"]
[Result "1-0"]
[WhiteElo "2422"]
[BlackElo "2375"]
[PlyCount "47"]
[EventDate "2003.11.16"]
[Source "Roberto Alvarez"]
[SourceDate "2003.12.01"]

1. e4 c6 2. d4 d5 3. Nc3 dxe4 4. Nxe4 Bf5 5. Ng3 Bg6 6. Nh3 e6 7. Nf4 Nf6 8. h4 Bd6 9. h5 Bf5 10. Nxf5 exf5 11. Qe2+ Be7 12. Be3 O-O 13. O-O-O Na6 14. Kb1 Re8 15. Qf3 Qa5 16. Bc4 b5 17. Bb3 c5 18. dxc5 Bxc5 19. Nd5 Ne4 20. Qxf5 Nd6 21. Qf3 Nc4 22. h6 Bxe3 23. fxe3 Rad8 24. Bxc4 1-0

[Event "Wch U20"]
[Site "Yerevan"]
[Date "2000.10.01"]
[Round "12"]
[White "Saric, Ibro"]
[Black "Fontaine, Robert"]
[Result "0-1"]
[WhiteElo "2345"]
[BlackElo "2449"]
[PlyCount "110"]
[EventDate "2000.09.02"]
[Source "ChessBase"]
[SourceDate "2000.11.10"]

1. e4 c6 2. d4 d5 3. Nc3 dxe4 4. Nxe4 Bf5 5. Ng3 Bg6 6. Nh3 e6 7. Nf4 Bd6 8. Nxg6 hxg6 9. Ne4 Be7 10. c3 Nf6 11. Nxf6+ Bxf6 12. Bf4 Nd7 13. Qb3 Nb6 14. Be2 Be7 15. Be5 Bd6 16. Bxd6 Qxd6 17. h3 O-O-O 18. Bf3 Qf4 19. O-O g5 20. Rfe1 Nd5 21. Re5 a6 22. Rae1 Nc7 23. Qc2 Qh4 24. Qc1 f5 25. g3 Qxh3 26. Qxg5 Rdf8 27. Bg2 Qh2+ 28. Kf1 f4 29. gxf4 Rxf4 30. Qxg7 Qh4 31. f3 Kb8 32. R5e4 Rh5 33. Rxf4 Qxf4 34. Qg4 Qh6 35. c4 Rf5 36. Re2 Qc1+ 37. Kf2 Qxc4 38. b3 Qc1 39. Re1 Qd2+ 40. Re2 Qh6 41. Re4 Ka7 42. Qh4 Qf8 43. Qg3 Nd5 44. Bh3 Rf4 45. Rxf4 Nxf4 46. Bf1 Qf6 47. Ke3 Nd5+ 48. Kd3 Qf5+ 49. Kd2 Qb1 50. Bc4 Qxa2+ 51. Kd3 Qb1+ 52. Ke2 Qb2+ 53. Ke1 Qxd4 54. Bxd5 Qe3+ 55. Kf1 cxd5 0-1

[Event "Bundesliga 9798"]
[Site "Germany"]
[Date "1997.??.??"]
[Round "?.6"]
[White "Lau, Ralf"]
[Black "Fuhrmann, Daniel"]
[Result "1/2-1/2"]
[WhiteElo "2495"]
[BlackElo "2295"]
[PlyCount "92"]
[EventDate "1997.10.??"]
[Source "ChessBase"]
[SourceDate "1999.07.01"]

1. e4 c6 2. d4 d5 3. Nc3 dxe4 4. Nxe4 Bf5 5. Ng3 Bg6 6. Nh3 Nf6 7. Nf4 Nd5 8. Nxg6 hxg6 9. Ne4 e6 10. g3 Be7 11. Bg2 Nd7 12. O-O O-O 13. c4 N5f6 14. Nc3 e5 15. d5 Qc7 16. Be3 Rfe8 17. Rc1 a6 18. dxc6 bxc6 19. Qa4 Rec8 20. b4 Nb6 21. Qb3 Rab8 22. Rfd1 Ng4 23. Bd2 Nd7 24. a3 Qa7 25. Be1 a5 26. b5 Nc5 27. Qa2 cxb5 28. Bh3 f5 29. cxb5+ Kh7 30. Bxg4 fxg4 31. Qe2 Nb3 32. Rb1 Nd4 33. Qxg4 Qb7 34. Ne4 Rf8 35. Rd3 Rf5 36. Bc3 Ne6 37. Qh3+ Kg8 38. Qg2 Qb6 39. a4 Nc5 40. Nxc5 Bxc5 41. Be1 Rbf8 42. Rd2 Rf3 43. Qf1 Kh8 44. Qh3+ Kg8 45. Qf1 Kh8 46. Qh3+ Kg8 1/2-1/2

[Event "Open"]
[Site "Kavala GRE"]
[Date "2007.08.09"]
[Round "6"]
[White "Hadzimanolis, A."]
[Black "Szuhanek, R."]
[Result "1/2-1/2"]
[WhiteElo "2301"]
[BlackElo "2475"]
[PlyCount "154"]
[EventDate "2007.08.05"]
[Source "www.chesslib.no"]
[SourceDate "2004.05.04"]

1. e4 c6 2. d4 d5 3. Nc3 dxe4 4. Nxe4 Bf5 5. Ng3 Bg6 6. Nh3 e6 7. Nf4 Bd6 8. Be2 Nf6 9. O-O Qc7 10. Nxg6 hxg6 11. Qd3 Nbd7 12. c4 Rd8 13. h3 O-O 14. Bg5 Bf4 15. Bxf4 Qxf4 16. Qe3 e5 17. Rfd1 Rfe8 18. Nf1 g5 19. dxe5 Rxe5 20. Qxf4 gxf4 21. Bf3 Rde8 22. Rd4 g5 23. h4 g4 24. Bxg4 Nxg4 25. Rxd7 Re2 26. f3 Ne3 27. Nxe3 fxe3 28. Rad1 Rxb2 29. Rd8 Rxd8 30. Rxd8+ Kg7 31. Re8 e2 32. a3 a5 33. g4 Rb3 34. Kf2 Rxa3 35. Rxe2 b5 36. cxb5 cxb5 37. Re5 b4 38. Rb5 b3 39. Ke2 a4 40. Kd3 Ra1 41. Kc3 Rf1 42. Rb4 Rxf3+ 43. Kb2 Rf2+ 44. Kb1 Ra2 45. Rb6 Rh2 46. Rb4 Rxh4 47. Rxa4 Kg6 48. Rf4 Rh7 49. Rf5 f6 50. Kb2 Rb7 51. Rf4 Rb6 52. Ra4 Kg5 53. Rc4 Rb7 54. Ra4 Rh7 55. Kxb3 Rh4 56. Kc3 Rxg4 57. Ra1 Re4 58. Kd3 f5 59. Rg1+ Kf4 60. Rf1+ Ke5 61. Rf3 Ra4 62. Ke2 f4 63. Rb3 Ke4 64. Kf2 Rc4 65. Ra3 Rb4 66. Rc3 Rb2+ 67. Kf1 Kf5 68. Ra3 Kg4 69. Rc3 Kh4 70. Ra3 Rc2 71. Rb3 Kg4 72. Ra3 f3 73. Ra8 Rc1+ 74. Kf2 Rc2+ 75. Kf1 Rc1+ 76. Kf2 Rc2+ 77. Kf1 Rc1+ 1/2-1/2